Statistics for Famous places in the World by Picture

Click here to take the quiz!

General Stats

  • This quiz has been taken 383 times
    (366 since last reset)
  • The average score is 18 of 48

Answer Stats

Answer% Correct
Big Ben
93%
Eiffel Tower
92%
Sydney Opera
86%
Empire State Building
85%
Taj Mahal
85%
Golden Gate Bridge
72%
Great Wall of China
71%
Colosseum
66%
Machu Picchu
66%
Statue of Liberty
66%
Everest
62%
Mount Fuji
54%
Mount Rushmore
54%
Pisa Tower
53%
Burj Khalifa
47%
Sphinx of Giza
44%
Tower Bridge
43%
Giza Pyramids
42%
Grand Canyon
40%
Parthenon
40%
Christ the Redeemer
37%
Kilimanjaro
35%
Sagrada Família
35%
Uluru
35%
Forbidden City
34%
Great Barrier Reef
33%
Victoria Falls
33%
Petra
32%
Angkor Wat
30%
Petronas Towers
30%
CN Tower
28%
Taipei 101
26%
Angel Falls
24%
Chichen Itzá Pyramid
23%
Saint Basil's Cathedral
21%
One World Trade Center
20%
Tokyo Tower
17%
Atomium
16%
Neuschwanstein Castle
13%
Table Mountain
13%
Sultan Ahmed Mosque
11%
Sydney Bridge
10%
Sugarloaf Mountain
8%
Belém Tower
6%
Hạ Long Bay
4%
Abu Simbel Temples
1%
African Renaissance Monument
0%
Martyrs' Memorial
0%

Score Distribution

Percentile by Number Answered

Percent of People with Each Score

Your Score History

You have not taken this quiz since the last reset